000 00391pab a2200157 454500
008 180718b2006 xxu||||| |||| 00| 0 eng d
100 _aSharma, Arvind
245 _aSpecial need children: national policies and programmes
260 _c2006
300 _ap.39-42.
362 _aNov
650 _aChild welfare
700 _aVenkateshwarlu, D.
773 _aKurukshetra
909 _a72425
999 _c72425
_d72425